000 00464nam a22001697a 4500
005 20251108171843.0
008 250721s1972 xx 000 0 ara d
082 1 4 _a618.97/أمي
100 1 _aرويحه، أمين
245 1 0 _aشباب في الشيخوخة /
250 _aط2 . ، منقحة و مزيدة
264 1 _aبيروت :
_bدار القلم،
_c1972.
300 _a366ص
650 1 7 _aالشيخوخه
942 _2ddc
_cBK
999 _c64315
_d64315